50 nifty super scary crafts and things to do / (Record no. 550113)
[ view plain ]
| 000 -LEADER | |
|---|---|
| fixed length control field | 01007pam a2200229 a 4500 |
| 020 ## - INTERNATIONAL STANDARD BOOK NUMBER | |
| International Standard Book Number | 1565655400 |
| 082 00 - DEWEY DECIMAL CLASSIFICATION NUMBER | |
| Classification number | 745 |
| Author Mark | BEL |
| -- | L-01, P-46 |
| 100 1# - MAIN ENTRY--PERSONAL NAME | |
| Personal name | Bell, Alison. |
| 9 (RLIN) | 46862 |
| 245 10 - TITLE STATEMENT | |
| Title | 50 nifty super scary crafts and things to do / |
| Statement of responsibility, etc. | written by Alison Bell ; illustrated by Will Suckow. |
| 260 ## - PUBLICATION, DISTRIBUTION, ETC. | |
| Place of publication, distribution, etc. | Los Angeles : |
| Name of publisher, distributor, etc. | Lowell House Juvenile ; |
| Place of publication, distribution, etc. | Chicago : |
| Name of publisher, distributor, etc. | Contemporary Books, |
| Date of publication, distribution, etc. | 1996. |
| 300 ## - PHYSICAL DESCRIPTION | |
| Extent | 80 p. : |
| Other physical details | ill. ; |
| Dimensions | 24 cm. |
| 500 ## - GENERAL NOTE | |
| General note | Rev. ed. of: 50 nifty frightening things to do and make. |
| 520 ## - SUMMARY, ETC. | |
| Summary, etc. | Gives instructions for making fifty scary crafts, such as shrunken head pen decorators and blood spattered gift wrap, that would be appropriate for Halloween. |
| 526 ## - STUDY PROGRAM INFORMATION NOTE | |
| Program name | 0 |
| Interest level | 0 |
| Reading level | 0 |
| Title point value | 745_000000000000000_BEL |
| 650 #0 - SUBJECT ADDED ENTRY--TOPICAL TERM | |
| Topical term or geographic name entry element | Halloween decorations |
| General subdivision | Juvenile literature. |
| 9 (RLIN) | 46863 |
| 650 #0 - SUBJECT ADDED ENTRY--TOPICAL TERM | |
| Topical term or geographic name entry element | Halloween |
| General subdivision | Juvenile literature. |
| 9 (RLIN) | 46864 |
| 650 #1 - SUBJECT ADDED ENTRY--TOPICAL TERM | |
| Topical term or geographic name entry element | Halloween decorations. |
| 9 (RLIN) | 46865 |
| 650 #1 - SUBJECT ADDED ENTRY--TOPICAL TERM | |
| Topical term or geographic name entry element | Handicraft. |
| 9 (RLIN) | 44553 |
| 700 1# - ADDED ENTRY--PERSONAL NAME | |
| Personal name | Bell, Alison. |
| 9 (RLIN) | 46862 |
| 700 1# - ADDED ENTRY--PERSONAL NAME | |
| Personal name | Suckow, Will, |
| 9 (RLIN) | 46866 |
| 942 ## - ADDED ENTRY ELEMENTS (KOHA) | |
| Source of classification or shelving scheme | |
| Koha item type | Book |
| Withdrawn status | Lost status | Source of classification or shelving scheme | Damaged status | Not for loan | Permanent Location | Current Location | Date acquired | Total Checkouts | Full call number | Barcode | Date last seen | Price effective from | Koha item type |
|---|---|---|---|---|---|---|---|---|---|---|---|---|---|
| Military College of Engineering (MCE) | Military College of Engineering (MCE) | 10/24/2014 | 745 BEL | MCE-44551 | 10/24/2014 | 10/24/2014 | Book |
